Paroles Million - Zamdane - Statistiques

Statistiques générales
  • Ce quiz a été pris 109 fois
  • Le résultat moyen est 304 sur 465
Statistiques - réponses
Hint Réponse % Correct
à
95%
a
95%
m'a
95%
Ma
95%
ma
95%
me
94%
de
91%
je
91%
le
91%
Le
91%
des
88%
Des
88%
ces
86%
la
86%
mère
86%
million
86%
qui
86%
J'ai
85%
j'ai
85%
mon
85%
pour
85%
Pour
85%
dans
83%
elle
83%
Elle
83%
faut
83%
Refrain Faut
83%
plus
83%
du
82%
en
82%
les
82%
un
82%
c'est
80%
reine
78%
suis
78%
et
77%
m'aime
77%
ou
77%
77%
"pas
75%
pas
75%
te
75%
comme
74%
Comme
74%
d'un
74%
haine
74%
Couplet 1 Mes
74%
mes
74%
soir
74%
années
72%
j'veux
72%
J'veux
72%
que
72%
dit
71%
jeunes
71%
visions
71%
acheter
69%
d'enfant
69%
Parce
69%
parce
69%
ai
68%
jeux
68%
peu
68%
problèmes
68%
"Bang
66%
Bang
66%
Bang"
66%
"bang"
66%
coeur
66%
Dieu
66%
est
66%
veut
66%
au
65%
Au
65%
d'adulte
65%
fait
65%
feu
65%
mais
65%
miroir
65%
n'est
65%
reflet
65%
si
65%
Si
65%
entendre
63%
j'joue
63%
j'lui
63%
perte
63%
qu'il
63%
ressemblant
63%
espoirs
62%
j'cours
62%
maintenant"
62%
mal
62%
Allô
60%
ça
60%
docteur
60%
J'voulais
60%
j'voulais
60%
moi
60%
non
60%
tete
60%
tête
60%
avec
58%
d'enfants
58%
j'me
58%
j'suis
58%
m'en
58%
t'es
58%
d'adultes
57%
diamant
57%
j'crois
57%
m'recoudre
57%
vie
57%
boucle
55%
briller
55%
cendre
55%
comment
55%
coude
55%
intuition
55%
J'combats
55%
j'combats
55%
j'fais
55%
on
55%
pendant
55%
peurs
55%
sales
55%
sens
55%
c'était
54%
collé
54%
disposition
54%
"give
54%
Ils
54%
j'tiens
54%
love"
54%
mois
54%
pensées
54%
positions
54%
rempli
54%
suppositions
54%
tournent
54%
toutes
54%
gens
52%
m'ont
52%
qu'à
52%
quoi
52%
Quoi
52%
appris
51%
décédés
51%
démolition
51%
essaie
51%
expert
51%
exprime
51%
foutre
51%
gambergé
51%
images
51%
ouvert
51%
qu'j'reste
51%
savoir
51%
personne
49%
Personne
49%
qu'elle
49%
qu'on
49%
rejoindre
49%
200
48%
d'égout
48%
fois
48%
J'roule
48%
rat
48%
son
48%
va
48%
aimer
46%
bébé
46%
couter
46%
c'que
46%
d'construire
46%
dégouté
46%
demandé
46%
freiner
46%
frère
46%
l'insomnie
46%
suicidaire
46%
temps
46%
tess
46%
amour
45%
dérouté
45%
emmêlé
45%
fil
45%
importe
45%
montré
45%
s'est
45%
tient
45%
bien
43%
rêves
43%
saigné
43%
tous
43%
cagoulé
42%
Depuis
42%
j'conduis
42%
j'peux
42%
prix
42%
appelle
40%
entouré
40%
J'la
40%
j'te
40%
loin
40%
lonely
40%
Lonely
40%
Notre
40%
payer
40%
reveil
40%
défendu
38%
fruit
38%
meme
38%
Palala
38%
protège
38%
qu'enquêter
38%
seul
38%
vois
38%
Bella
37%
jalouse
37%
l'heure
37%
navire
37%
perdu
37%
quand
37%
qu'j'ai
37%
sirènes
37%
souvenirs
37%
barre
35%
essayent
35%
goûter
35%
Couplet 2 J'enterre
35%
m'envoûter
35%
pelle
35%
Akon
34%
khenées
34%
revoir
34%
l'miroir
32%
the
29%
way
28%
Aucun quiz correspondant
Distribution des résultats
% des personnes avec chaque résultat
Percentile par nombre de réponses
Votre historique - résultats
Vous n’avez pas pris ce quiz